000
00325nam a2200109Ia 4500
008
171204s9999 xx 000 0 und d
245
_a
W. B. Yeats and World Literature: The Subject of Poetry
245
_c
Barry Sheils
260
_c
2015
650
_x
World Literature
856
_u
http://down.ebook777.com/031/1472425537.pdf
999
_c
345628
_d
345628